00497 a2200181 4500082001700000100002400017245004200041260004100083300001300124504002800137650001900165650003100184650002700215650002300242653002000265942001300285999001700298 a026.6bSa73a aSarkar, P.K.916406 aAdministration of technical libralies aNew DelhibSterling Publishersc1977 aix,196p. aIncludes bibliographies aLibraries9507 aTechnical libraries916407 aLibrary administration aLibrary management aLibrary science 2ddccGEN c57312d57306